000 01505nam a2200229 a 4500
001 000045990
005 20201002052551.0
008 150605s2014 dr a 000 0 spa d
020 _a9789945865998
040 _aDO-SdBNP
_bspa
_cBNPHU
082 _axxxx
_bxxxx
100 1 _aGómez Valenzuela, Víctor
_974056
245 1 0 _aAnálisis del capital intelectual de empresas Dominicanas :
_bla importancia de las ideas y del conocimiento /
_cVíctor Gómez Valenzuela ; presentación Juan José Báez Carvajal, Andrés Vanderhorst Álvarez.
260 _aSanto Domingo :
_bONAPI,
_c2014.
300 _a90 p. :
_bil., mapas, retrs. ;
_c28 cm.
504 _aBibliografía : p. 85-90
505 0 _aIntroducción --
_tContexto institucional --
_tUna rápida mirada a la realidad económica y social del país --
_tComprendiendo el capital intelectual --
_tEl concepto de sistema nacional de innovación --
_tEnfoque metodológico --
_tAproximación metodológica --
_tResultados --
_tResultados descriptivos: caracterizando a las empresas --
_tEl análisis factorial exploratorio: simplificación de factores --
_tDesempeño de las empresas y capital intelectual --
_tBalance de resultados y conclusiones --
_tBalance de los resultados --
_tConsideraciones finales --
500 _aIncluye datos biográficos del autor.
710 2 2 _aOficina Nacional de la Propiedad Industrial ONAPI, República Dominicana
_974057
700 1 2 _aBáez Carvajal, Juan José,
_epres.
_974058
700 1 2 _aVanderhorst Álvarez, Andrés,
_974059
999 _c45479
_d45479